Milton or Shakespeare? Quiz Stats

 Plays Quiz Updated Mar 8, 2015

Challenge
Share
Tweet
Embed
Score 0/30 Timer 04:00
0 Plays Today
Quote Author % Correct
Shall I compare thee to a summer's day? Thou art more lovely and more temperate;???
89.9%
A horse! A horse! My kingdom for a horse!???
84.1%
Uneasy lies the head that wears a crown.???
79.4%
The course of true love never did run smooth???
78.9%
To die, to sleep- to sleep, perchance to dream- ay, there's the rub, for in that sleep of death what dreams may come,???
78.6%
The fool doth think he is wise, but the wise man knows himself to be a fool???
78.1%
By the pricking of my thumbs, something wicked this way comes.???
78%
This above all: To thine own self be true. ???
77.3%
If I profane with my unworthiest hand this holy shrine, the gentle fine is this, my lips, two blushing pilgrims, ready stand to smooth that rough touch with a tender kiss.???
76.9%
I may assert th' Eternal Providence, And justifie the ways of God to men.???
76.6%
When shall we three meet again in thunder, lightning, or in rain????
73.3%
We are such stuff as dreams are made on; and our little life is rounded with a sleep.???
72.4%
With hideous ruin and combustion, down to bottomless perdition, there to dwell in adamantine chains and penal fire???
72.4%
Let me not to the marriage of true minds admit impediments; love is not love which alters when it alteration finds, or bends with the remover to remove.???
71.2%
Who overcomes by force, hath overcome but half his foes.???
69.7%
Quote Author % Correct
All is not lost- the unconquerable will, and study of revenge, immortal hate, and courage never to submit or yield:???
67.3%
Some natural tears they dropt, but wiped them soon; the world was all before them, where to choose their place of rest, and Providence their guide.???
63.9%
For what God, after better, worse would build????
63.1%
Virtue may be assailed, but never hurt, surprised by unjust force, but not enthralled.???
62.6%
The robbed that smiles steals something from the thief. ???
62%
With diadem and sceptre high advanced, the lower still I fall, only supreme in misery: such joy ambition finds.???
61.8%
As flies to wanton boys are we to th' gods, they kill us for their sport.???
60.8%
Frail is our happiness, if this be so, and Eden were no Eden, thus exposed.???
60.6%
I am a man more sinned against than sinning???
60%
To me, fair friend, you never can be old, for as you were when first your eye I ey'd, such seems your beauty still.???
57.6%
When I consider how my light is spent, Ere half my days, in this dark world and wide???
56.5%
No nightly trace or breathed spell, inspires the pale-eyed priest from the prophetic cell.???
54.8%
This other Eden, demi-paradise, this fortress built by Nature for herself against infection and the hand of war???
42.9%
So farewell, hope; and with hope farewell, fear; farewell, remorse: all good to me is lost; Evil, be thou my good.???
42.2%
For what can war but endless war still breed????
33.9%

You're not logged in!

Compare scores with friends on all Sporcle quizzes.
OR
Log In

You Might Also Like...

Show Comments

Extras

Top Quizzes Today


Score Distribution

Your Account Isn't Verified!

In order to create a playlist on Sporcle, you need to verify the email address you used during registration. Go to your Sporcle Settings to finish the process.

Report this User

Report this user for behavior that violates our Community Guidelines.

Details: